1608 1784 1723 1046 1948 1523 1613 1816 1807 1217 1865 1464 1468 1488 1385 1626 1611 1030 1475 1724 1566 1437 1705 1746 1430 1899 1801 1734 1056 1100 1964 1434 1136 1908 1541 1033 1878 1284 1723 1094 1995 1448 1355 1063 1404 1853 1891 1943 1751 1638 1482 1399 1141 1942 1714 1017 1027 1503 1648 1794 1730 1421 1934 1647 1213 1978 1955 1054 1059 1961 1031 1482 1443 1442 1551 1144 1883 1901 1929 1501 1832 1838 1854 1883 1889 1688 1821 1980 1154 1356 1658 1988 1065 1356 1436 1135 1335 1054 1866 BCNSPRNW ULIB Ver.6.0+V

เปลี่ยนเป็นภาษาไทย

Change to English
 แสดงรายละเอียดบรรณานุกรม
  กลับหน้าหลัก

Brief Record : Get Marc (ISO 2709) : E-mail record : QR code < ปิดหน้าต่าง
LEADER : 00000nam 2200000uu 4500
001    13399113036
003     ULIB
008    110921s2550||||th 000 0 tha d
020    9747706925
050  4 PE1131^bบ181ฝ 2550
100 0  บรรลือ สงฆ์ประชา
245 10 ฝึกแต่งประโยคโต้ตอบสนทนาตั้งแต่เริ่มต้น/^cบรรลือ สงฆ์ประชา
260    กรุงเทพฯ :^bDดี,^c2550
300    208 หน้า
650  7 ภาษาอังกฤษ^xบทสนทนาและวลี
945    ^p170^l0^i027621
995    ทศพร
999 ^a ทศพร
รายการนี้ยังไม่มีแท็ก
คุณยังไม่ได้ล็อกอิน คุณสามารถมีกิจกรรมร่วมกับเว็บไซต์ได้ แต่ต้องล็อกอินก่อน ::
  ล็อกอิน

รายการสื่อสารสนเทศ

ลำดับที่ ประเภท เลขเรียก/บาร์โค้ด สถานที่ สถานะ
- ไม่พบข้อมูล -

BibComment


ยังไม่เคยถูกคอมเมนท์

คอมเมนท์ทรัพยากรรายการนี้
  คอมเมนท์: ฝึกแต่งประโยคโต้ต..


 Copyright 2026. Bcnsprnw @Library